Elementos de álgebra lineal : convincente justificación de la naturalidad con que deben ser introducidos los métodos de la matemática actual /

Guardado en:
Autor Principal: Paige, Lowell J.
Otros Autores: Swift, Jonathan Dean.
Formato: Libro
Idioma:Spanish
English
Publicado: Barcelona ; Buenos Aires : Reverté, 1967.
Etiquetas: Agregar Etiqueta
Sin Etiquetas, Sea el primero en etiquetar este registro!
LEADER 00840nam a22002055a 4500
001 MAT.inmabb002565
008 050427s1967####sp#a##########001#0#spa#d
005 20130307140124.0
245 1 0 |a Elementos de álgebra lineal :  |b convincente justificación de la naturalidad con que deben ser introducidos los métodos de la matemática actual /  |c Lowell J. Paige, J. Dean Swift. 
260 |a Barcelona ;  |a Buenos Aires :  |b Reverté,  |c 1967. 
300 |a 409 p. :  |b il. ;  |c 22 cm. 
500 |a Traducción de: Elements of linear algebra. 
500 |a Versión española de R. Rodriguez Vidal. 
510 4 |a MR,  |c 22 #10992  |3 (para la ed. original) 
100 1 |a Paige, Lowell J. 
240 1 0 |a Elements of linear algebra.  |l Español 
700 1 |a Swift, Jonathan Dean. 
084 |a 15-01  |2 msc2000 
041 1 |a spa  |h eng 
859 |h 15  |i P142  |p A-8231  |b BIB. MATEMATICA